[Event "Online Olym Div2 C 2020"]
[Site "chess.com INT"]
[Date "2020.08.14"]
[Round "1.4"]
[Board "6"]
[White "Grimaldi, Angela Flavia"]
[Black "Manova, Ivana"]
[Result "1-0"]
[WhiteElo "2070"]
[BlackElo "1742"]
[WhiteTeam "Italy"]
[BlackTeam "North Macedonia"]
[WhiteFideId "2805214"]
[BlackFideId "15003590"]
[EventDate "2020.08.14"]
[EventType "team"]

1. e4 c5 2. Nf3 Nc6 3. Bb5 g6 4. Bxc6 dxc6 5. d3 Bg7 6. h3 Nf6 7. Nc3 Qc7 8. Be3
b6 9. a4 e5 10. a5 Bb7 11. Na4 O-O 12. b4 Rad8 13. Qb1 Nd7 14. bxc5 b5 15. Nc3
a6 16. O-O Rfe8 17. Qb4 Nf8 18. Rab1 Ne6 19. Ne2 Qd7 20. Ng5 Nd4 21. Nxd4 exd4
22. Bf4 Bf8 23. Nf3 h6 24. Qd2 g5 25. Be5 Re6 26. Bxd4 Rg6 27. c3 g4 28. Ne5 Qe6
29. Nxg6 Qxg6 30. hxg4 Qxg4 31. Qe3 Kh7 32. Qf3 Qxf3 33. gxf3 Be7 34. f4 1-0

[Event "Online Olym Div2 C 2020"]
[Site "chess.com INT"]
[Date "2020.08.14"]
[Round "1.5"]
[Board "1"]
[White "Giri, Anish"]
[Black "Borisek, Jure"]
[Result "1/2-1/2"]
[WhiteTitle "GM"]
[BlackTitle "GM"]
[WhiteElo "2764"]
[BlackElo "2591"]
[WhiteTeam "Netherlands"]
[BlackTeam "Slovenia"]
[WhiteFideId "24116068"]
[BlackFideId "14603152"]
[EventDate "2020.08.14"]
[EventType "team"]

1. c4 c5 2. g3 g6 3. Bg2 Bg7 4. Nc3 Nc6 5. Nf3 d6 6. O-O Nf6 7. d4 cxd4 8. Nxd4
Bd7 9. Nc2 O-O 10. Qd2 a6 11. b3 Qa5 12. Bb2 Rfc8 13. Rfd1 Rab8 14. Nd5 Qxd2 15.
Rxd2 Nxd5 16. Bxg7 Kxg7 17. Bxd5 b5 18. cxb5 axb5 19. f4 Rc7 20. Kf2 Rbc8 21.
Bf3 f5 22. Re1 Ra7 23. Ra1 Rac7 24. Ke1 Kf7 25. e4 fxe4 26. Bxe4 Ra7 27. Kf2 Kf6
28. Ke3 Kf7 29. Rf2 Kf6 30. Rg2 Na5 31. Rb1 e6 32. Nb4 d5 33. Bd3 Ke7 34. Kd4
Kd6 35. h4 Rca8 36. Rbb2 Nc6+ 37. Nxc6 Bxc6 38. Rh2 Be8 39. Rbc2 b4 40. Rhe2 Bd7
41. Rcd2 Rc7 42. Rd1 Rc3 43. Rh2 Be8 44. Re1 Ra7 45. Rf2 Rac7 46. Rd2 Ra7 47.
Rh2 Rac7 48. Rd2 Ra7 49. Rh2 Rac7 1/2-1/2

[Event "Online Olym Div2 C 2020"]
[Site "chess.com INT"]
[Date "2020.08.14"]
[Round "1.5"]
[Board "2"]
[White "Sebenik, Matej"]
[Black "Van Foreest, Jorden"]
[Result "1/2-1/2"]
[WhiteTitle "GM"]
[BlackTitle "GM"]
[WhiteElo "2498"]
[BlackElo "2682"]
[WhiteTeam "Slovenia"]
[BlackTeam "Netherlands"]
[WhiteFideId "14602296"]
[BlackFideId "1039784"]
[EventDate "2020.08.14"]
[EventType "team"]

1. d4 Nf6 2. c4 g6 3. Nf3 Bg7 4. g3 O-O 5. Bg2 d6 6. Nc3 Nbd7 7. O-O e5 8. e4 c6
9. h3 Re8 10. Be3 exd4 11. Nxd4 Nc5 12. Qc2 Qe7 13. Rfe1 Nfxe4 14. Nxe4 Nxe4 15.
Bxe4 Qxe4 16. Bd2 Bf5 17. Rxe4 Bxe4 18. Qc3 c5 19. Be3 Bc6 20. Qd2 cxd4 21. Bxd4
Bxd4 22. Qxd4 d5 23. cxd5 Rad8 24. Rd1 Rxd5 25. Qxd5 Bxd5 26. Rxd5 Re2 27. Rb5
b6 28. Kf1 Rc2 29. a4 h5 30. a5 bxa5 31. Rxa5 Rxb2 32. Rxa7 Rb1+ 33. Kg2 Rb2 34.
h4 Kg7 35. Ra6 Rc2 36. Rb6 Rd2 37. Ra6 Rc2 38. Rb6 Rd2 39. Ra6 Rc2 1/2-1/2

[Event "Online Olym Div2 C 2020"]
[Site "chess.com INT"]
[Date "2020.08.14"]
[Round "1.5"]
[Board "3"]
[White "Peng, Zhaoqin"]
[Black "Unuk, Laura"]
[Result "0-1"]
[WhiteTitle "GM"]
[BlackTitle "WGM"]
[WhiteElo "2358"]
[BlackElo "2315"]
[WhiteTeam "Netherlands"]
[BlackTeam "Slovenia"]
[WhiteFideId "1004786"]
[BlackFideId "14609215"]
[EventDate "2020.08.14"]
[EventType "team"]

1. d4 Nf6 2. Nf3 e6 3. e3 b6 4. Bd3 Bb7 5. O-O c5 6. c4 Be7 7. Nc3 cxd4 8. exd4
O-O 9. d5 d6 10. dxe6 fxe6 11. Nd4 Qc8 12. Qe2 e5 13. Bf5 Nbd7 14. Be6+ Kh8 15.
Nf5 Qe8 16. Ng3 Nc5 17. Bf5 Qf7 18. Be3 Ne6 19. Qd2 Nc7 20. b3 d5 21. cxd5 Ncxd5
22. Nxd5 Nxd5 23. Be4 Rad8 24. Rac1 Nb4 25. Qb2 Bxe4 26. Nxe4 Nd3 27. Qe2 Nxc1
28. Rxc1 Ba3 29. Rf1 Qg6 30. f3 Rc8 31. h4 h6 32. Rd1 Rfd8 33. Rxd8+ Rxd8 34.
Qa6 Be7 35. Qxa7 Bxh4 36. Qc7 Rd1+ 37. Kh2 Bf6 38. Qc8+ Rd8 39. Bxb6 Qh5+ 40.
Qh3 Qxh3+ 41. Kxh3 Rd1 42. Bc5 Bd8 43. a4 Ra1 44. Kg4 Kg8 45. Kf5 Bc7 46. Ke6 h5
47. Kd7 Ba5 48. b4 Bxb4 49. Bxb4 Rxa4 50. Bd2 Kf7 51. Kd6 Kg6 52. Kxe5 Ra2 53.
Kf4 Ra4 54. g3 Rc4 55. Bc3 Ra4 56. Be5 Rc4 57. Ke3 Ra4 58. Bd4 Ra3+ 59. Bc3 Ra4
60. Nf2 Ra3 61. Kd3 Ra2 62. Nh3 Ra3 63. Kd2 Kf5 64. Nf2 g6 65. Bb4 Rxf3 66. Ke2
Rxg3 67. Bd6 Rb3 68. Be7 g5 69. Nd3 h4 70. Nf2 h3 71. Bd6 g4 72. Bc7 Rb1 73. Bd6
Rg1 74. Bc7 Ra1 75. Bd6 Ra2+ 76. Kf1 Kg5 77. Bg3 Ra1+ 78. Ke2 Ra3 79. Bc7 Kh4
80. Bd6 Ra6 81. Bc7 Re6+ 82. Kf1 Re8 83. Nh1 Rg8 84. Bg3+ Kg5 85. Bc7 Rf8+ 86.
Kg1 Kf5 87. Nf2 Rc8 88. Bd6 Rc6 89. Bb8 Rc1+ 90. Kh2 Rc2 91. Kg3 h2 92. Nh1 Rb2
93. Bc7 Ra2 94. Bb6 Rb2 95. Bf2 Ke4 96. Kg2 Kf4 97. Kxh2 Kf3 98. Kg1 Rb1+ 99.
Kh2 Rxh1+ 100. Kxh1 Kxf2 101. Kh2 g3+ 0-1

[Event "Online Olym Div2 C 2020"]
[Site "chess.com INT"]
[Date "2020.08.14"]
[Round "1.5"]
[Board "4"]
[White "Janzelj, Lara"]
[Black "Ratsma, Rosa"]
[Result "0-1"]
[WhiteTitle "WIM"]
[BlackTitle "WIM"]
[WhiteElo "2210"]
[BlackElo "2306"]
[WhiteTeam "Slovenia"]
[BlackTeam "Netherlands"]
[WhiteFideId "14608391"]
[BlackFideId "1033662"]
[EventDate "2020.08.14"]
[EventType "team"]

1. d4 Nf6 2. c4 e6 3. Nf3 d5 4. g3 Be7 5. Bg2 O-O 6. O-O dxc4 7. Nc3 Nc6 8. e4
Rb8 9. Be3 a6 10. d5 exd5 11. exd5 Nb4 12. Ne5 Bf5 13. a3 Nc2 14. Rc1 Nxe3 15.
fxe3 Bg6 16. Nxc4 Re8 17. b4 Bf8 18. Qd4 Qe7 19. Rce1 Rbd8 20. e4 c5 21. Qe3
cxb4 22. axb4 Qxb4 23. Qd3 Rc8 24. Rc1 Qxc4 25. Qf3 Nxe4 26. Nxe4 Qxc1 27. Rxc1
Rxc1+ 28. Bf1 Bxe4 0-1

[Event "Online Olym Div2 C 2020"]
[Site "chess.com INT"]
[Date "2020.08.14"]
[Round "1.5"]
[Board "5"]
[White "Warmerdam, Max"]
[Black "Stevanic, David"]
[Result "1-0"]
[WhiteTitle "IM"]
[BlackTitle "FM"]
[WhiteElo "2506"]
[BlackElo "2337"]
[WhiteTeam "Netherlands"]
[BlackTeam "Slovenia"]
[WhiteFideId "1048104"]
[BlackFideId "14613921"]
[EventDate "2020.08.14"]
[EventType "team"]

1. d4 Nf6 2. c4 e6 3. Nf3 d5 4. Nc3 Be7 5. Bf4 O-O 6. e3 a6 7. cxd5 Nxd5 8. Nxd5
exd5 9. Bd3 Bd6 10. Bg3 Nc6 11. Rc1 Re8 12. Bxd6 Qxd6 13. h3 Ne7 14. Qc2 Qb4+
15. Qd2 Qxd2+ 16. Kxd2 c6 17. g4 Bd7 18. Ne5 Be6 19. f4 f6 20. Nf3 Nc8 21. f5
Bd7 22. Nh4 Nd6 23. Ng2 Re7 24. Nf4 Rae8 25. Rhe1 Nf7 26. Re2 Ng5 27. Rf1 Bc8
28. h4 Nf7 29. Rf3 Nd6 30. b3 Kf7 31. Rg2 Rc7 32. Ne2 b6 33. Nc3 Bb7 34. Na4 Nc8
35. g5 c5 36. Rfg3 c4 37. Bb1 cxb3 38. axb3 Nd6 39. Nxb6 Bc6 40. g6+ hxg6 41.
Rxg6 Kf8 42. h5 Rb7 43. h6 gxh6 44. Rxf6+ Ke7 45. Re6+ Kf7 46. Rxd6 Rxb6 47. f6
Rxb3 48. Bg6+ Kf8 49. Bxe8 Bxe8 50. Rg7 Rb2+ 51. Kc3 Ra2 52. Rd8 Ra3+ 53. Kd2
Ra2+ 54. Ke1 Ra1+ 55. Kf2 1-0

[Event "Online Olym Div2 C 2020"]
[Site "chess.com INT"]
[Date "2020.08.14"]
[Round "1.5"]
[Board "6"]
[White "Urh, Zala"]
[Black "Van Foreest, Machteld"]
[Result "1-0"]
[WhiteTitle "WIM"]
[WhiteElo "2156"]
[BlackElo "2161"]
[WhiteTeam "Slovenia"]
[BlackTeam "Netherlands"]
[WhiteFideId "14611481"]
[BlackFideId "1051563"]
[EventDate "2020.08.14"]
[EventType "team"]

1. d4 d5 2. c4 c6 3. Nf3 Nf6 4. e3 e6 5. b3 Nbd7 6. Bb2 Bd6 7. Bd3 O-O 8. O-O b6
9. Qc2 Bb7 10. Nc3 e5 11. e4 dxc4 12. bxc4 Qc7 13. d5 Nc5 14. Rfd1 Ba6 15. dxc6
Qxc6 16. Nd5 Nxd3 17. Qxd3 Rad8 18. Rac1 Nxd5 19. exd5 Qc7 20. Ng5 g6 21. Qh3 h5
22. Ne4 Qe7 23. Nxd6 Rxd6 24. Ba3 Rc8 25. Bxd6 Qxd6 26. Qh4 Qb4 27. d6 Bb5 28.
d7 Bxd7 29. Rxd7 Qa3 30. Rcd1 Qxa2 31. Rd8+ Rxd8 32. Qxd8+ Kg7 33. Qd5 Qb2 34.
h3 a5 35. Re1 f6 36. Qd7+ Kh6 37. Qf7 Qd2 38. Re3 Qc2 39. Qxf6 a4 40. Qxe5 Qxc4
41. Qh8+ Kg5 42. Re5+ Kf4 43. Qf6# 1-0

[Event "Online Olym Div2 C 2020"]
[Site "chess.com INT"]
[Date "2020.08.14"]
[Round "2.1"]
[Board "1"]
[White "Anton Guijarro, David"]
[Black "Borisek, Jure"]
[Result "1/2-1/2"]
[WhiteTitle "GM"]
[BlackTitle "GM"]
[WhiteElo "2688"]
[BlackElo "2591"]
[WhiteTeam "Spain"]
[BlackTeam "Slovenia"]
[WhiteFideId "2285525"]
[BlackFideId "14603152"]
[EventDate "2020.08.14"]
[EventType "team"]

1. Nf3 Nf6 2. c4 c5 3. Nc3 Nc6 4. e3 e6 5. d4 d5 6. cxd5 exd5 7. Bb5 cxd4 8.
exd4 Be7 9. O-O O-O 10. Ne5 Qb6 11. Be3 Be6 12. Rc1 Rac8 13. Bxc6 bxc6 14. Na4
Qa6 15. b3 Nd7 16. Nxd7 Bxd7 17. Qd2 Rfe8 18. Nc5 Bxc5 19. Rxc5 Qb6 20. Bf4 Re6
21. Re1 Rce8 22. Rxe6 Rxe6 23. h3 f6 24. Be3 Bc8 25. Qc3 Bd7 26. b4 Re8 27. a3
a6 28. Qd3 Re4 29. Qd1 Re8 30. h4 Re4 31. h5 h6 32. Qd2 Qd8 33. f3 Re6 34. Bf2
Qe8 35. Qd3 Bc8 36. Qg6 Bb7 37. a4 Re1+ 38. Kh2 Re2 39. Bg3 Qe3 40. Qg4 f5 41.
Qf4 Qxf4 42. Bxf4 Rb2 43. Be5 Rxb4 44. a5 Kf7 45. Kg3 g6 46. hxg6+ Kxg6 47. Kf4
Rb5 48. Rxb5 cxb5 49. Bd6 Kf6 50. Bb4 Bc6 51. Bc5 Be8 52. Bb4 Bc6 53. Bc5 Be8
54. Bb4 Bc6 1/2-1/2

[Event "Online Olym Div2 C 2020"]
[Site "chess.com INT"]
[Date "2020.08.14"]
[Round "2.1"]
[Board "2"]
[White "Sebenik, Matej"]
[Black "Shirov, Alexei"]
[Result "0-1"]
[WhiteTitle "GM"]
[BlackTitle "GM"]
[WhiteElo "2498"]
[BlackElo "2647"]
[WhiteTeam "Slovenia"]
[BlackTeam "Spain"]
[WhiteFideId "14602296"]
[BlackFideId "2209390"]
[EventDate "2020.08.14"]
[EventType "team"]

1. d4 d5 2. c4 c6 3. cxd5 cxd5 4. Nc3 Nf6 5. Bf4 Nc6 6. Nf3 Bf5 7. e3 e6 8. Qb3
Bb4 9. Ne5 Bxc3+ 10. bxc3 O-O 11. f3 Nh5 12. Qxb7 Na5 13. Qd7 Qb6 14. Qb5 Nxf4
15. exf4 Qc7 16. Rc1 Rfb8 17. Qd7 Qxd7 18. Nxd7 Rb2 19. g4 Bb1 20. Nc5 Bxa2 21.
Bd3 Bc4 22. O-O Nb3 23. Rb1 Nxc5 24. Bxc4 Rxb1 25. Rxb1 Na4 26. Ba6 Nxc3 27. Rb7
g6 28. Kf2 Na4 29. Ke3 Nb6 30. f5 exf5 31. gxf5 Kg7 32. Kf4 Kf6 33. fxg6 hxg6
34. Rc7 Rh8 35. Kg3 Re8 36. Rxa7 Ra8 37. Rxa8 Nxa8 38. h4 Nc7 39. Bb7 Ke6 40.
Kf4 Nb5 41. Ke3 Nd6 42. Ba6 Nf5+ 43. Kf4 Nxd4 44. Bd3 Kf6 45. Kg4 Nf5 46. h5
Nh6+ 47. Kh4 g5+ 48. Kg3 Ke5 49. Bb1 f5 50. Bc2 f4+ 51. Kf2 Kd4 52. Ke2 Kc3 53.
Bg6 d4 54. Bd3 Nf7 55. Bg6 Ne5 56. Be4 d3+ 57. Kd1 Nc4 0-1

[Event "Online Olym Div2 C 2020"]
[Site "chess.com INT"]
[Date "2020.08.14"]
[Round "2.1"]
[Board "3"]
[White "Matnadze, Ana"]
[Black "Unuk, Laura"]
[Result "0-1"]
[WhiteTitle "IM"]
[BlackTitle "WGM"]
[WhiteElo "2421"]
[BlackElo "2315"]
[WhiteTeam "Spain"]
[BlackTeam "Slovenia"]
[WhiteFideId "13601377"]
[BlackFideId "14609215"]
[EventDate "2020.08.14"]
[EventType "team"]

1. d4 Nf6 2. Nf3 e6 3. c4 d5 4. g3 Be7 5. Bg2 O-O 6. Nc3 dxc4 7. Ne5 c5 8. dxc5
Qxd1+ 9. Nxd1 Bxc5 10. Nxc4 Nc6 11. Bd2 Bd7 12. Rc1 Rac8 13. O-O b5 14. Nce3 Nd4
15. Re1 Bb6 16. Nc3 b4 17. Ne4 Rxc1 18. Nxf6+ gxf6 19. Bxc1 Bb5 20. Bf1 b3 21.
axb3 Nxb3 22. Ng4 f5 23. Nf6+ Kg7 24. Nh5+ Kg6 25. Nf4+ Kf6 26. Nh5+ Kg6 27.
Nf4+ Kf6 28. e4 Bxf1 29. Nh5+ Kg6 30. Nf4+ Kf6 31. e5+ Ke7 32. Kxf1 Nxc1 33.
Rxc1 Rd8 34. Ke2 Bd4 35. Nd3 Rd7 36. Rc4 f6 37. f4 Bb6 38. exf6+ Kxf6 39. Rc8
Bd4 40. Rf8+ Kg7 41. Re8 Kf7 42. Rc8 Kf6 43. b4 Rb7 44. h3 Kg7 45. g4 h6 46. Rc6
Kf6 47. Rc8 Kg6 48. Kf3 Rd7 49. Ke2 Rb7 50. Rd8 Bc3 51. Kf3 Bxb4 52. Ne5+ Kg7
53. Re8 Rb6 54. Ra8 Rb7 55. Nc6 Bc5 56. Re8 Kf7 57. Rc8 Kg7 58. Nd8 Rb3+ 59. Kg2
Rb2+ 60. Kg3 Rb3+ 61. Kg2 Rb2+ 62. Kf3 Rb3+ 63. Ke2 Bd6 64. Rc6 Rb2+ 65. Kd3 Rb6
66. Rc8 Bxf4 67. Nc6 fxg4 68. hxg4 Rb7 69. Nd4 e5 70. Nf5+ Kf6 71. Rf8+ Rf7 72.
Rc8 h5 73. Ke4 hxg4 74. Rc6+ Kg5 75. Rc8 Rb7 76. Rg8+ Kf6 77. Nd6 Rb4+ 78. Kd5
Rd4+ 79. Kc6 g3 80. Rf8+ Kg5 81. Rg8+ Kf6 82. Rf8+ Kg6 83. Rg8+ Kh7 84. Rg4 a5
85. Nf5 Rd2 86. Nxg3 a4 87. Nf5 a3 88. Rg7+ Kh8 89. Ra7 a2 90. Nd6 e4 91. Nxe4
Rc2+ 92. Kd5 Be3 93. Ra3 Bh6 94. Ra8+ Kh7 95. Ra7+ Bg7 96. Ng5+ Kg6 97. Ne6 a1=Q
98. Nf4+ Kf5 99. Rxa1 Bxa1 0-1

[Event "Online Olym Div2 C 2020"]
[Site "chess.com INT"]
[Date "2020.08.14"]
[Round "2.1"]
[Board "4"]
[White "Janzelj, Lara"]
[Black "Vega Gutierrez, Sabrina"]
[Result "1-0"]
[WhiteTitle "WIM"]
[BlackTitle "IM"]
[WhiteElo "2210"]
[BlackElo "2380"]
[WhiteTeam "Slovenia"]
[BlackTeam "Spain"]
[WhiteFideId "14608391"]
[BlackFideId "2219026"]
[EventDate "2020.08.14"]
[EventType "team"]

1. d4 d5 2. c4 e6 3. Nf3 c6 4. g3 dxc4 5. Bg2 b5 6. O-O Bb7 7. Qc2 Nf6 8. Rd1
Be7 9. Ne5 O-O 10. a4 Qc8 11. Nc3 Na6 12. e4 Nb4 13. Qe2 a6 14. Bg5 c5 15. dxc5
Rd8 16. axb5 axb5 17. Rxd8+ Bxd8 18. Rxa8 Bxa8 19. Qd2 Be7 20. Nd7 Qxd7 21. Qxd7
Nxd7 22. Bxe7 Bc6 23. Bf1 Na6 24. f3 Naxc5 25. Kf2 f5 26. Ke3 Kf7 27. Bd6 g6 28.
Kd4 e5+ 29. Ke3 Ke6 30. Bc7 Nb3 31. Na2 Ndc5 32. Nb4 Bb7 33. exf5+ gxf5 34. Bh3
Na4 35. f4 Nxb2 36. Bxe5 Na4 37. g4 Be4 38. Bf1 Nbc5 39. gxf5+ Bxf5 40. Bg2 c3
41. Bd5+ Ke7 42. Nc6+ Ke8 43. Nd4 c2 44. Kd2 Be4 45. Bxe4 Nxe4+ 46. Kxc2 b4 47.
Kb3 Nac5+ 48. Kxb4 Nd3+ 49. Kc4 Nxe5+ 50. fxe5 Nd2+ 51. Kd5 Nf1 52. h3 Ng3 53.
Ke6 Nh5 54. h4 Nf4+ 55. Kd6 h5 56. Ne6 Ng2 57. Nc7+ Kf8 58. e6 Nxh4 59. e7+ Kg7
60. e8=Q 1-0

[Event "Online Olym Div2 C 2020"]
[Site "chess.com INT"]
[Date "2020.08.14"]
[Round "2.1"]
[Board "5"]
[White "Henderson de La Fuente, Lance"]
[Black "Stevanic, David"]
[Result "1-0"]
[WhiteTitle "GM"]
[BlackTitle "FM"]
[WhiteElo "2491"]
[BlackElo "2337"]
[WhiteTeam "Spain"]
[BlackTeam "Slovenia"]
[WhiteFideId "32096585"]
[BlackFideId "14613921"]
[EventDate "2020.08.14"]
[EventType "team"]

1. d4 Nf6 2. Nf3 d5 3. c4 e6 4. g3 Be7 5. Bg2 O-O 6. O-O dxc4 7. Qc2 a6 8. a4
Bd7 9. Rd1 Bc6 10. Nc3 Bb4 11. Bg5 h6 12. Bxf6 Qxf6 13. e4 Bxc3 14. bxc3 b6 15.
Ne5 Bb7 16. Nxc4 Qe7 17. Rab1 Nd7 18. Na5 Rab8 19. Nxb7 Rxb7 20. e5 Rbb8 21. Qd3
a5 22. Bc6 Rfd8 23. Qc4 Nf8 24. Kg2 Ng6 25. h4 Qf8 26. Be4 Ne7 27. Qxc7 Rdc8 28.
Qa7 Qd8 29. Qa6 Rxc3 30. Qb5 Nd5 31. Bxd5 Qxd5+ 32. Qxd5 exd5 33. Rb5 Rc4 34.
Rxd5 Rxa4 35. Rd7 b5 36. d5 Re4 37. d6 Kf8 38. Rc7 Rxe5 39. Ra7 a4 40. Rd4 Rd8
41. Rf4 f6 42. Rg4 Rxd6 43. Rgxg7 Rd8 44. Raf7+ Ke8 45. Ra7 b4 46. Rg8# 1-0

[Event "Online Olym Div2 C 2020"]
[Site "chess.com INT"]
[Date "2020.08.14"]
[Round "2.1"]
[Board "6"]
[White "Urh, Zala"]
[Black "Garcia Martin, Marta"]
[Result "1/2-1/2"]
[WhiteTitle "WIM"]
[BlackTitle "IM"]
[WhiteElo "2156"]
[BlackElo "2328"]
[WhiteTeam "Slovenia"]
[BlackTeam "Spain"]
[WhiteFideId "14611481"]
[BlackFideId "32084030"]
[EventDate "2020.08.14"]
[EventType "team"]

1. d4 d5 2. c4 e6 3. Nc3 Nf6 4. cxd5 exd5 5. Bg5 Be7 6. e3 c6 7. Qc2 Nbd7 8. Bd3
Nh5 9. Bxe7 Qxe7 10. Nge2 Nb6 11. O-O g6 12. Rae1 O-O 13. Nc1 Be6 14. f3 Rad8
15. Qf2 f5 16. Bb1 Nd7 17. Nd3 c5 18. dxc5 Nxc5 19. Nxc5 Qxc5 20. Rd1 Rfe8 21.
Rd4 Bf7 22. Rfd1 Nf6 23. a3 Rd7 24. Ba2 Rde7 25. R1d3 f4 26. Rxf4 Rxe3 27. Rxe3
Rxe3 28. Ne2 Nd7 29. b4 Qb6 30. Kf1 Rxa3 31. Qxb6 Nxb6 32. Bb1 Ra1 33. Nc3 Nc4
34. Ke2 Kg7 35. Rd4 Nb6 36. Ba2 Kf6 37. f4 Rh1 38. h3 Rc1 39. Nxd5+ Nxd5 40.
Bxd5 Bxd5 41. Rxd5 Rc4 42. b5 Ke6 43. Re5+ Kd6 44. Ke3 Rb4 45. g4 Rb3+ 46. Ke4
Rxh3 47. Rd5+ Ke7 48. f5 gxf5+ 49. Kxf5 Rh6 50. g5 Rb6 51. Re5+ Kf7 52. Rc5 Ke8
53. Re5+ Kd7 54. Rd5+ Kc7 55. Rc5+ Kd6 56. Re5 a5 57. bxa6 bxa6 58. Re6+ Kc5 59.
Rxb6 Kxb6 60. Kf6 a5 61. Kg7 a4 62. Kxh7 a3 63. g6 a2 64. g7 a1=Q 65. g8=Q 1/2-1/2

[Event "Online Olym Div2 C 2020"]
[Site "chess.com INT"]
[Date "2020.08.14"]
[Round "2.2"]
[Board "1"]
[White "Vocaturo, Daniele"]
[Black "Giri, Anish"]
[Result "1-0"]
[WhiteTitle "GM"]
[BlackTitle "GM"]
[WhiteElo "2617"]
[BlackElo "2764"]
[WhiteTeam "Italy"]
[BlackTeam "Netherlands"]
[WhiteFideId "813192"]
[BlackFideId "24116068"]
[EventDate "2020.08.14"]
[EventType "team"]

1. d4 Nf6 2. Nf3 d5 3. Bf4 Bf5 4. e3 e6 5. c4 Bxb1 6. Rxb1 Bb4+ 7. Ke2 dxc4 8.
Qa4+ Nc6 9. Ne5 Nd5 10. Nxc6 Qd7 11. Rc1 bxc6 12. Rxc4 Rb8 13. Qxc6 Nxf4+ 14.
exf4 Qxc6 15. Rxc6 Bd6 16. b3 Bxf4 17. g3 Bd6 18. Ra6 O-O 19. Bg2 e5 20. dxe5
Bxe5 21. Rd1 Rfe8 22. Kf1 g6 23. Rxa7 Bd6 24. Bd5 Kg7 25. Bxf7 Rf8 26. Bc4 Kh6
27. Ra5 Rf3 28. Rd3 Rf6 29. f4 Kg7 30. Kf2 h6 31. h4 Re8 32. Re3 Rd8 33. Kf3
Rdf8 34. Re6 Rxe6 35. Bxe6 Re8 36. Bc4 Re1 37. a4 Rc1 38. h5 Rc3+ 39. Kg4 Re3
40. Rd5 gxh5+ 41. Rxh5 Bb4 42. Re5 Rxe5 43. fxe5 Kg6 44. Bd3+ Kf7 45. Kf5 Bc3
46. g4 Ke7 47. Bc4 Ba5 48. Kg6 Bd2 49. b4 Bxb4 50. Kxh6 Bc3 51. e6 1-0

[Event "Online Olym Div2 C 2020"]
[Site "chess.com INT"]
[Date "2020.08.14"]
[Round "2.2"]
[Board "2"]
[White "Van Foreest, Jorden"]
[Black "Dvirnyy, Danyyil"]
[Result "1/2-1/2"]
[WhiteTitle "GM"]
[BlackTitle "GM"]
[WhiteElo "2682"]
[BlackElo "2485"]
[WhiteTeam "Netherlands"]
[BlackTeam "Italy"]
[WhiteFideId "1039784"]
[BlackFideId "817570"]
[EventDate "2020.08.14"]
[EventType "team"]

1. d4 Nf6 2. Nf3 e6 3. Bf4 c5 4. e3 d5 5. Nbd2 Nc6 6. c3 cxd4 7. exd4 Nh5 8. Bg5
f6 9. Be3 Bd6 10. g3 O-O 11. Bd3 g6 12. c4 Bd7 13. O-O Rc8 14. a3 dxc4 15. Bxc4
Ng7 16. Ne4 Bb8 17. d5 Ne7 18. dxe6 Bxe6 19. Bxe6+ Nxe6 20. Nd4 Qd5 21. Nxe6
Qxe6 22. Nc5 Qd5 23. Nd7 Rf7 24. Nxb8 Rxb8 25. Bxa7 Rc8 26. Re1 Qf5 27. Qb1 Rc2
28. Rc1 Rxc1+ 29. Qxc1 Nc6 30. Be3 Ne5 31. f4 Ng4 32. h3 Nxe3 33. Qxe3 Qxh3 34.
Rc1 Kg7 35. b4 h5 36. Qf3 Re7 37. Rf1 Qe6 38. Kg2 Qc4 39. Rf2 b5 40. f5 Qe4 41.
fxg6 Kxg6 42. Rd2 Qxf3+ 43. Kxf3 Kg5 44. Rd5+ Re5 45. Rd8 Kf5 46. Rh8 Ke6 47.
Ra8 Rf5+ 48. Ke4 Rg5 49. Ra6+ Kf7 50. Kf4 Rd5 51. Ke4 Rg5 52. Kf4 Rd5 53. Ra5
Ke6 54. Ra6+ 1/2-1/2

[Event "Online Olym Div2 C 2020"]
[Site "chess.com INT"]
[Date "2020.08.14"]
[Round "2.2"]
[Board "3"]
[White "Zimina, Olga"]
[Black "Peng, Zhaoqin"]
[Result "0-1"]
[WhiteTitle "IM"]
[BlackTitle "GM"]
[WhiteElo "2378"]
[BlackElo "2358"]
[WhiteTeam "Italy"]
[BlackTeam "Netherlands"]
[WhiteFideId "4132190"]
[BlackFideId "1004786"]
[EventDate "2020.08.14"]
[EventType "team"]

1. Nf3 d5 2. c4 d4 3. g3 c5 4. Bg2 Nc6 5. O-O e5 6. d3 Bd6 7. e3 Nge7 8. exd4
cxd4 9. Na3 O-O 10. Nc2 a5 11. Na3 h6 12. Nb5 Bg4 13. h3 Bh5 14. g4 Bg6 15. Nh4
Bb8 16. f4 exf4 17. Bxf4 Bxf4 18. Rxf4 Bh7 19. Rf2 Qd7 20. Nf3 Rae8 21. Qd2 Ng6
22. Raf1 Nge5 23. Nxe5 Nxe5 24. Rf4 Nc6 25. Bxc6 bxc6 26. Rxd4 Qb7 27. Nd6 Qa7
28. Qc3 Re3 29. c5 Rxh3 30. Kg2 Re3 31. Nf5 Re5 32. Rc4 Qc7 33. Re4 Rfe8 34.
Rfe1 f6 35. Rxe5 Rxe5 36. Qc4+ Kh8 37. Rxe5 Qxe5 38. Ng3 Qxb2+ 39. Kh3 Qd2 40.
Qd4 Qxd3 41. Qf4 Bg6 42. Qb8+ Kh7 43. Qc7 Qf3 44. Qxa5 Be4 45. Qd2 Bd5 46. Kh2
Qxg4 47. Qc2+ Kg8 48. Qf2 Qh4+ 49. Kg1 Qh3 50. a4 h5 51. Qh2 Qg4 52. Kf2 h4 53.
Ne2 Qf3+ 54. Ke1 h3 55. a5 Qa3 56. Qc7 Kh7 57. Kf2 Qxc5+ 58. Ke1 Qb4+ 59. Kf2
Qh4+ 60. Ng3 h2 61. Ke3 Qh6+ 62. Kd4 h1=Q 63. Nxh1 Qxh1 64. Kc5 Qg1+ 65. Kb4
Qd4+ 66. Ka3 Qc3+ 0-1

[Event "Online Olym Div2 C 2020"]
[Site "chess.com INT"]
[Date "2020.08.14"]
[Round "2.2"]
[Board "4"]
[White "Haast, Anne"]
[Black "Brunello, Marina"]
[Result "1-0"]
[WhiteTitle "WGM"]
[BlackTitle "IM"]
[WhiteElo "2318"]
[BlackElo "2368"]
[WhiteTeam "Netherlands"]
[BlackTeam "Italy"]
[WhiteFideId "1017292"]
[BlackFideId "822590"]
[EventDate "2020.08.14"]
[EventType "team"]

1. e4 c5 2. Nf3 d6 3. d4 cxd4 4. Nxd4 Nf6 5. Nc3 a6 6. Be3 e5 7. Nb3 Be7 8. f3
Be6 9. Qd2 O-O 10. O-O-O a5 11. Bb5 Nc6 12. Qe2 Qb8 13. Kb1 Rc8 14. Na4 Nd7 15.
Rd2 Qc7 16. Rhd1 Rf8 17. g4 Rac8 18. h4 Nb4 19. Bxd7 Qxd7 20. Nb6 Qc7 21. a3 a4
22. Nc1 Nc6 23. Nxc8 Rxc8 24. Qb5 Ra8 25. Bb6 Qc8 26. Ne2 Bxh4 27. Nc3 Nd4 28.
Bxd4 exd4 29. Nd5 Qc5 30. Qb4 b5 31. Qxd4 Qc6 32. Rh1 Bd8 33. Rg2 Bxd5 34. exd5
Qd7 35. Qd3 g6 36. f4 Bf6 37. Qh3 Rc8 38. Qxh7+ Kf8 39. Qh3 Qe7 40. g5 1-0

[Event "Online Olym Div2 C 2020"]
[Site "chess.com INT"]
[Date "2020.08.14"]
[Round "2.2"]
[Board "5"]
[White "Moroni, Luca Jr"]
[Black "Warmerdam, Max"]
[Result "1-0"]
[WhiteTitle "GM"]
[BlackTitle "IM"]
[WhiteElo "2530"]
[BlackElo "2506"]
[WhiteTeam "Italy"]
[BlackTeam "Netherlands"]
[WhiteFideId "865834"]
[BlackFideId "1048104"]
[EventDate "2020.08.14"]
[EventType "team"]

1. d4 d5 2. c4 e6 3. Nc3 Nf6 4. cxd5 exd5 5. Bg5 c6 6. e3 Bd6 7. Bd3 O-O 8. Nge2
Re8 9. Qc2 h6 10. Bh4 a5 11. a3 Na6 12. Bg3 Nc7 13. O-O Bxg3 14. Nxg3 h5 15. h3
h4 16. Nge2 Ne6 17. b4 Qd6 18. b5 c5 19. dxc5 Qxc5 20. Rfd1 Rd8 21. Qa4 d4 22.
exd4 Nxd4 23. Nxd4 Qxc3 24. Ne2 Qe5 25. Bh7+ Kxh7 26. Qxh4+ Kg6 27. Nf4+ Kf5 28.
g4+ 1-0